Humans And Angel Romanzo

Bewaard in:
Bibliografische gegevens
Hoofdauteur: Natalie Po
Formaat: Boek
Taal:Onbekende taal
Gepubliceerd in: Amazon Fulfillment
Tags: Voeg label toe
Geen labels, Wees de eerste die dit record labelt!

MARC

LEADER 00000nam a2200000Ia 4500
001 R-1662
003 CODICE-MESSINA
005 20260212102511.0
008 260211s9999 xx 000 0 und d
040 |c importazione_messina 
100 |a Natalie Po 
245 0 |a Humans And Angel 
245 0 |b Romanzo 
260 |b Amazon Fulfillment 
942 |2 ddc  |c BK 
952 |0 0  |1 0  |2 ddc  |4 0  |6 SCAFFALE_16_000000000000000__STANZA_2__LETTERATURA  |7 0  |9 32502  |a ME  |b ME  |d 2026-02-11  |l 0  |o SCAFFALE 16 - STANZA 2 - LETTERATURA  |p R-1662  |r 2026-02-11 23:53:13  |w 2026-02-11  |x [REVISIONARE]  |y BK 
999 |c 28169  |d 28169